000 00583nam a22001937a 4500
005 20251108171121.0
008 250721s1986 xx 000 0 ara d
082 1 4 _a214.2/محم
100 1 _aالرحيم، محمد عطاء
245 1 0 _aعيسى عليه السلام يبشر بالإسلام /
246 1 1 _aProphet of Islam Jesus
264 1 _aعمان :
_bفهمي شما،
_c1986.
300 _a327ص.
650 1 7 _aأصول الدين الإسلامي
650 1 7 _aالنبوات
700 1 _aشما، فهمي
_eترجمة
942 _2ddc
_cBK
999 _c57024
_d57024